Tom Clancy Novels Quiz Stats

 Plays Quiz Updated Feb 20, 2020

     
Support Sporcle.
Go Orange.
Score 0/18 Timer 04:00
0 Plays Today
Year Title % Correct
1984The Hunt for Red October
88.8%
1987Patriot Games
73%
1989Clear and Present Danger
70.2%
1991The Sum of All Fears
60.4%
1998Rainbow Six
60%
1986Red Storm Rising
41.7%
1988The Cardinal of the Kremlin
39.9%
2000The Bear and the Dragon
38%
1996Executive Orders
32.7%
Year Title % Correct
2002Red Rabbit
31%
1993Without Remorse
29.6%
1994Debt of Honor
27.4%
2003The Teeth of the Tiger
22.1%
2011Locked On
19.3%
2012Threat Vector
18.1%
1996SSN: Strategies for Submarine Warfare
11.7%
2010Dead or Alive
6.3%
2011Against All Enemies
4.8%

From the Vault

Dial Jenny's Phone Number

by mhershfield

Music 30s
For a good time call...
Remove Ads.
Support Sporcle.
Get the best of Sporcle when you Go Orange. This ad-free experience offers more features, more stats, and more fun while also helping to support Sporcle. Thank you for becoming a member.

Show Comments

Extras

Top Quizzes Today


Score Distribution

Your Account Isn't Verified!

In order to create a playlist on Sporcle, you need to verify the email address you used during registration. Go to your Sporcle Settings to finish the process.

Report this User

Report this user for behavior that violates our Community Guidelines.

Details: